000 00619nam a22001697a 4500
999 _c11472
_d11472
008 181205b ||||| |||| 00| 0 eng
020 _a978-93-86035-64-6
082 _22017
_aDC 371.923
_bR165
100 _aRanjan, Rupesh.
_932887
245 _aLearning disorder:
_bworking manual for educators, therapist and parents/
_cRupesh Ranjan
260 _aNew Delhi:
_bTrinity Press,
_c©2017.
300 _axix, 154 pages.
_billustrations;
_c23 cm.
500 _aincludes glossary, bibliography, list of figures, list of tables and index.
650 _aLearning disabilities
_928085
365 _b1,375
_cphp
942 _2ddc
_cDC